| 000 | 00440nam a22001577a 4500 | ||
|---|---|---|---|
| 008 | 230614b |||||||| |||| 00| 0 eng d | ||
| 020 | _a0-85229-345-3 | ||
| 040 |
_aNational Science Library _cNational Science Library |
||
| 080 | _aR 61(026) | ||
| 245 | _a1979 medical and health annual | ||
| 260 |
_aChicago: _bEncyclopaedia Britannica Inc., _c1979 |
||
| 300 | _a448p. | ||
| 650 | _aMedical | ||
| 653 | _aHealth | ||
| 942 |
_2udc _cREF |
||
| 999 |
_c43424 _d43424 |
||